000 00493nam a2200193Ia 4500
008 151119s9999||||xx |||||||||||||| ||und||
082 _a891.46308
082 _bGKKV27788
100 _aमगदुम वृषाली
245 _aकोलाज
260 _a--
260 _b--
260 _c2005
600 _aमगदुम वृषाली
630 _aकोलाज
700 _aमगदुम वृषाली
730 _aकोलाज
942 _cBOOK
999 _c1080213
_d1080210